000 00372nam a2200145Ia 4500
008 240624s9999 xx 000 0 und d
041 _aeng
082 _a519.2 WAL
100 _aWALPOLE RONALD E
245 _aPROBABILITY AND STATISTICS FOR ENGINEERS
250 _a(7th ed.)
260 _c2004
_aDelhi
_bPearson Education
300 _axvi, : 730 : cm. ; 24
365 _cRS
999 _c1762
_d1762